000 00924cam a2200313Ia 4500
001 95717
005 20230411090054.0
008 990623s1972 ag b 000 0 spa d
035 _a(OCoLC)ocm41597172
040 _aDQ$
_bspa
_cDQ$
_dOCLCQ
029 1 _aHEBIS
_b176718761
035 _a(OCoLC)41597172
090 _aHF1411
_bI34 1972
049 _aGRAL
245 0 0 _aImperialismo y comercio internacional :
_b(el intercambio desigual) /
_cArghiri Emmanuel ... [et al.].
250 _a2a. ed.
260 _aCórdoba :
_bPasado y Presente,
_c1972.
300 _axviii, 191 p. ;
_c20 cm.
490 0 _aCuadernos de Pasado y presente ;
_v24.
504 _aBibliografía.
650 0 _aEconomic development.
650 0 _aInternational economic relations.
650 4 _aCRV
650 4 _aColección Rene Villarreal
700 1 _aEmmanuel, Arghiri.
942 _2lcc
_cbk
966 _aRCH
994 _aC0
_bDRFGD
999 _c111990
_d111990